00874nam a2200241 4500003000900000005001700009008004100026040004300067041000800110082002000118245009800138264005400236300004000290336002400330337002800354338004300382504004200425546002400467650003800491650003600529651001000565856005700575EG-GICUC20260412105037.0260412s1949 -ge||||| |||| 00| 0 fre d aEG-GiCUCbfrecEG-GiCUCdEG-GiCUCeRda0 afre04221a341.511bPR00aProcès des Grands Criminels de Cuerre devant le tribunal militaire international.nTome XL. 1aNuremberg :b[Éditeur non spécifié],c1949. a607 page ;c 24 cm.billustration ; 2rda contenua texte 2rda mediasaOrdinateur 2 transporteur rdaa Ressource en ligne aBibliography: pages 200-250. 240-220  aTexte en français14aDroit international public2qrmak14aTribunaux internationaux2qrmak1 2qrmak40uhttps://fll.law.cu.edu.eg/fulltext/bks/B11-09929.pdf